000 00631nam a2200217Ia 4500
003 GCL
008 140319s9999 xx 000 0 ara d
040 _aGCL /
_cGCL
082 0 4 _a070.44
_bم ا
100 1 _aميخائيل نعيمة
245 1 0 _aاحاديث مع الصحافة /
_cميخائيل نعيمة
260 _a[S.N] :
_bمؤسسة نوفل ،
_c1989
300 _a289 ص
490 _a
650 0 4 _aالصحافة
650 0 4 _aالصحفيون المصريون
650 0 4 _aالصحفيون
650 0 4 _aالمقابلات الصحفية
650 0 4 _aالصحفيون العرب
942 _2ddc
_cBK
999 _c58976
_d58976